Nghiên cứu khả năng sinh trưởng, phát triển và chất lượng của một số loại rau trồng bằng kỹ thuật thủy canh trong điều kiện sinh thái đảo Cù Lao Chàm, TP. Hội An, tỉnh Quảng Nam
Xác định được khả năng sinh trưởng, phát triển củacác loại rau ăn lá và rau ăn quả trồng bằng các kỹ thuật thủy canh khác nhau như kỹ thuật thủy canh tĩnh, kỹ thuật thủy canh hồi lưu và kỹ thuật thủy canh nhỏ giọt. Đánh giá được chất lượng và độ an toàn của các sản phẩm rau ăn lá và rau ăn quả trồng...
Gespeichert in:
| 1. Verfasser: | |
|---|---|
| Weitere Verfasser: | |
| Format: | Buch |
| Sprache: | Vietnamese |
| Veröffentlicht: |
Đà Nẵng
Đại học Đà Nẵng
2014
|
| Schlagworte: | |
| Tags: |
Tag hinzufügen
Keine Tags, Fügen Sie den ersten Tag hinzu!
|
| Thư viện lưu trữ: | Mạng thư viện Đại học Đà Nẵng |
|---|
| LEADER | 01982nam a2200349 4500 | ||
|---|---|---|---|
| 001 | 000019452 | ||
| 003 | 15887 | ||
| 005 | 20140505100541.0 | ||
| 008 | 140505s2014 viesd | ||
| 041 | |a vie | ||
| 082 | 1 | 4 | |a 631.585 |b ĐA-A |
| 100 | |a Đàm Minh Anh | ||
| 245 | |a Nghiên cứu khả năng sinh trưởng, phát triển và chất lượng của một số loại rau trồng bằng kỹ thuật thủy canh trong điều kiện sinh thái đảo Cù Lao Chàm, TP. Hội An, tỉnh Quảng Nam |c Đàm Minh Anh ; Võ Văn Minh hướng dẫn. |k Luận văn Thạc sĩ | ||
| 260 | |a Đà Nẵng |b Đại học Đà Nẵng |c 2014 | ||
| 300 | |a 85 tr., phụ lục 17 tr. |c 29 cm. |e Tóm tắt | ||
| 500 | |a Luận văn thạc sĩ Khoa học. Chuyên ngành: Sinh thái học. Mã số: 60.42.60. | ||
| 520 | |a Xác định được khả năng sinh trưởng, phát triển củacác loại rau ăn lá và rau ăn quả trồng bằng các kỹ thuật thủy canh khác nhau như kỹ thuật thủy canh tĩnh, kỹ thuật thủy canh hồi lưu và kỹ thuật thủy canh nhỏ giọt. Đánh giá được chất lượng và độ an toàn của các sản phẩm rau ăn lá và rau ăn quả trồng bằng các kỹ thuật thủy canh. | ||
| 650 | 0 | 4 | |a Rau |v Luận văn tốt nghiệp |x Kỹ thuật thủy canh |z Cù Lao Chàm (Quảng Nam) |
| 653 | |a Sinh thái học | ||
| 653 | |a Kỹ thuật thủy canh | ||
| 653 | |a Rau | ||
| 700 | 1 | |a Võ Văn Minh |c TS. |e Hướng dẫn | |
| OWN | |a LSP | ||
| AVA | |a UDN50 |b LSP |d 631.585 ĐA-A |e available |t Error 5001 Not defined in file expand_doc_bib_avail. |f 1 |g 0 |h N |i 0 |k 1 | ||
| 999 | |a From the UDN01 | ||
| AVA | |a UDN50 |b LSP |d 631.585 ĐA-A |e available |t Error 5001 Not defined in file expand_doc_bib_avail. |f 1 |g 0 |h N |i 0 |k 1 | ||
| TYP | |a Monograph | ||
| TYP | |a Printed language | ||
| 980 | |a Mạng thư viện Đại học Đà Nẵng | ||